LEADER 01355nam2-2200421---450- 001 990003627970203316 005 20120228093726.0 035 $a000362797 035 $aUSA01000362797 035 $a(ALEPH)000362797USA01 035 $a000362797 100 $a20120222d1971----km-y0itay50------ba 101 $arus$cchi 102 $aRU 105 $aa|||||||001yy 200 1 $aPovesti$aRasskazy$fLu-Sin 210 $aMoskva$cHudo?estvennaja literatura$d1971 215 $a494 p., [9] p. di tav.$cill.$d20 cm 225 2 $aBiblioteka vsemirnoj literatury$v82 300 $aAutore e titoli delle opere in russo, traslitterati 410 0$1001000362594$12001$aBiblioteka vsemirnoj literatury$v, 82 676 $a895.1351 700 1$aLu Xun$0495321 801 0$aIT$bsalbc$gISBD 912 $a990003627970203316 951 $aVIII.1. Coll. 4/ 17$b6934 L.G.$cVIII.1. Coll.$d00307207 959 $aBK 969 $aUMA 979 $aIANNONE$b90$c20120222$lUSA01$h1249 979 $aCHIARA$b90$c20120222$lUSA01$h1349 979 $aCHIARA$b90$c20120224$lUSA01$h1411 979 $aCHIARA$b90$c20120224$lUSA01$h1433 979 $aCHIARA$b90$c20120224$lUSA01$h1446 979 $aCHIARA$b90$c20120224$lUSA01$h1451 979 $aIANNONE$b90$c20120228$lUSA01$h0937 996 $aRasskazy$91138483 996 $aPovesti$91138482 997 $aUNISA LEADER 02113nam0 22004693i 450 001 VAN0248680 005 20230529125028.497 017 70$2N$a9783030478452 100 $a20220727d2020 |0itac50 ba 101 $aeng 102 $aCH 105 $a|||| ||||| 200 1 $aˆAn ‰Introduction to Sequential Monte Carlo$fNicolas Chopin, Omiros Papaspiliopoulos 210 $aCham$cSpringer$d2020 215 $axxvi, 559 p.$cill.$d24 cm 410 1$1001VAN0044060$12001 $aTexts in computational science and engineering$1210 $aBerlin [etc.]$cSpringer$v24 500 1$3VAN0248681$aˆAn ‰Introduction to Sequential Monte Carlo$92983622 606 $a65C05$xMonte Carlo methods [MSC 2020]$3VANC020429$2MF 606 $a62-XX$xStatistics [MSC 2020]$3VANC022998$2MF 606 $a62M05$xMarkov processes: estimation; hidden Markov models [MSC 2020]$3VANC024698$2MF 606 $a62L12$xSequential estimation [MSC 2020]$3VANC024699$2MF 610 $aBayesian Inference$9KW:K 610 $aData-driven science, modeling and theory building$9KW:K 610 $aFeynman-Kac models$9KW:K 610 $aHidden Markov models$9KW:K 610 $aMarkov Chain Monte Carlo$9KW:K 610 $aParticle filter$9KW:K 610 $aSequential Monte Carlo$9KW:K 610 $aSequential learning$9KW:K 610 $aState-space models$9KW:K 620 $aCH$dCham$3VANL001889 700 1$aChopin$bNicolas$3VANV203522$0845496 701 1$aPapaspiliopoulos$bOmiros$3VANV203523$01268488 712 $aSpringer $3VANV108073$4650 801 $aIT$bSOL$c20240614$gRICA 856 4 $uhttp://doi.org/10.1007/978-3-030-47845-2$zE-book ? Accesso al full-text attraverso riconoscimento IP di Ateneo, proxy e/o Shibboleth 899 $aBIBLIOTECA DEL DIPARTIMENTO DI MATEMATICA E FISICA$1IT-CE0120$2VAN08 912 $fN 912 $aVAN0248680 950 $aBIBLIOTECA DEL DIPARTIMENTO DI MATEMATICA E FISICA$d08CONS e-book 4555 $e08eMF4555 20220727 996 $aIntroduction to Sequential Monte Carlo$92983622 997 $aUNICAMPANIA